000 00243nam a2200097Ia 4500
005 20251222114406.0
008 251222s1900||||xx |||||||||||||| ||spa||
082 _aDVD0070/K53/T.9
245 0 _aNo desearás a la mujer de tu prójimo:
942 _cDVD
999 _c1847
_d1847